00421nam a2200133Ia 4500008004100000082001400041100003100055245002300086260000900109264003300118942001300151952010600164999001700270231129s1982||||xx |||||||||||||| ||spa|| aHAJ- 0213 aMacazaga Ordoño César 0aEl juego de pelota c1982 aMéxico: Innovación 1982 2ddccBKS 00102ddc4070aBRCbBRCd2016-11-15l0oHAJ- 0213pHAJ-0213r2023-11-29 21:08:13t1w2023-11-29yBK c11413d11413